| 000 | 00599nam a2200205 a 4500 | ||
|---|---|---|---|
| 005 | 20240910063938.0 | ||
| 008 | 090513s2006 es r 000 0 spa d | ||
| 020 | _a8466753745 | ||
| 035 | _aUPN01000170418 | ||
| 049 | _aCG | ||
| 050 | 4 |
_aPQ6701 L6 _bE8.6 |
|
| 100 | 1 |
_aAlonso, Manuel Luis, _d1948- _930691 |
|
| 245 | 1 | 3 |
_aUn esqueleto en el armario / _cManuel L. Alonso ; il. de Irene Fra. |
| 260 |
_aMadrid : _bAnaya, _c2006. |
||
| 300 |
_a100 p. : _bil. |
||
| 440 | 0 |
_aSopa de libros ; _v115 |
|
| 650 | 4 |
_aNovela española _910814 |
|
| 650 | 4 |
_aNiños en la literatura _914415 |
|
| 905 | _aLibro | ||
| 999 |
_c142523 _d142523 |
||